000
00322 a2200145 4500
000
nam a22 7a 4500
001
1967
005
20260416091829.0
100
_a
G, V., Sadanozi
110
_a
G, V., Sadanozi
245
_a
Indian Geography
260
_b
Progress Pub
_c
1975
264
_b
Progress Pub
_c
1975
942
_c
BK
999
_c
1967
_d
1967